000 00714nam a2200229 a 4500
003 MX-MxUPN
005 20240511063726.0
008 991125s1908 mx br 000 0 spa d
035 _aUPN01000024228
040 _aMX-MxUPN
_bspa
_cMX-MxUPN
041 _aspa
050 4 _aLB1577 M6
_bM43
100 1 _aMenéndez, Rodolfo,
_d1850-1928
_934112
245 1 0 _aFamilias de palabras :
_blibro auxiliar en las clases de lectura y gramática
260 _aMéxico ;
_aParís:
_bLibrería de la Vda. de C. Bouret,
_c1908.
300 _a167 páginas
650 4 _aEspañol
_xEstudio y enseñanza (Elemental)
_92806
902 _bMaríaRobles/090524
904 _aAC
_b024229
905 _aLibro
942 _2lcc
_n0
_cLIBRO
999 _c24228
_d24228